书目信息 |
| 题名: |
欧人之汉学研究
|
|
| 作者: | 石田干之助 著 ;朱滋萃 译 | |
| 分册: | ||
| 出版信息: | 太原 山西人民出版社 2015 |
|
| 页数: | 336页 | |
| 开本: | 23cm | |
| 丛书名: | 近代海外汉学名著丛刊 | |
| 单 册: | ||
| 中图分类: | K207.8 | |
| 科图分类: | ||
| 主题词: | 汉学--han xue--研究 | |
| 电子资源: | ||
| ISBN: | 978-7-203-09367-1 | |
| 000 | 01019nam0 22002891 450 | |
| 001 | 0120081952 | |
| 005 | 20170320081952.0 | |
| 010 | @a978-7-203-09367-1@dCNY68.00 | |
| 100 | @a20160505e2015 em y0chiy50 ea | |
| 101 | 1 | @achi@cjpn |
| 102 | @aCN@b140000 | |
| 105 | @ay z 000yy | |
| 106 | @ar | |
| 200 | 1 | @a欧人之汉学研究@9ou ren zhi han xue yan jiu@f(日)石田幹之助著@g朱滋萃译 |
| 205 | @a[影印本] | |
| 210 | @a太原@c山西人民出版社@d2015 | |
| 215 | @a336页@d23cm | |
| 225 | 2 | @a近代海外汉学名著丛刊@9jin dai hai wai han xue ming zhu cong kan@i古典文献与语言文字 |
| 300 | @a国家出版基金项目 | |
| 330 | @a本书内容包括:绪论、古代和中世纪初期关于中国的知识、中世纪后期阿剌伯人底中国知识、蒙古人勃兴时代关于中国的知识等。 | |
| 461 | 0 | @12001 @a近代海外汉学名著丛刊 |
| 606 | 0 | @a汉学@9han xue@x研究 |
| 690 | @aK207.8@v5 | |
| 701 | 0 | @c(日)@a石田干之助@9shi tian gan zhi zhu@f(1891~1974)@4著 |
| 702 | 0 | @a朱滋萃@9zhu zi cui@4译 |
| 801 | 0 | @aCN@bTANGWEI@c20170308 |
| 905 | @b0954852-4@dK207.8@e107@f3 | |
| 欧人之汉学研究/(日)石田幹之助著/朱滋萃译.-[影印本].-太原:山西人民出版社,2015 |
| 336页;23cm.-(近代海外汉学名著丛刊.古典文献与语言文字) |
| 国家出版基金项目 |
| ISBN 978-7-203-09367-1:CNY68.00 |
| 本书内容包括:绪论、古代和中世纪初期关于中国的知识、中世纪后期阿剌伯人底中国知识、蒙古人勃兴时代关于中国的知识等。 |
| ● |
| 相关链接 |
|
|
|
|
正题名:欧人之汉学研究
索取号:K207.8/107
 
预约/预借
| 序号 | 登录号 | 条形码 | 馆藏地/架位号 | 状态 | 备注 |
| 1 | 0954852 | 209548523 | 第二样本阅览室/ [索取号:K207.8/107] | 在馆 | |
| 2 | 0954853 | 209548532 | 史法系资料室/ [索取号:K207.8/107] | 在馆 | |
| 3 | 0954854 | 209548541 | 第二借阅区/ [索取号:K207.8/107] | 在馆 |